| 000 | 00581cam2a220021700 4500 | ||
|---|---|---|---|
| 001 | zam00002124 | ||
| 008 | 951128s1974 xx eng u | ||
| 035 | _a(Sirsi) r19503 | ||
| 035 | _a(MACHINE)SLC. | ||
| 100 |
_aNoss, J. B. _6A80398.1 |
||
| 245 | 1 | 0 | _aMan's religions. |
| 260 | _c1974. | ||
| 949 |
_aBL80.2 _wlcc _mMAIN _tBOOK _lON-SHELF |
||
| 004 | 19503 | ||
| 591 | _aClass code: RS 100. | ||
| 591 | _aCourse: Introduction to religious studies. | ||
| 591 | _aSchool: S03. | ||
| 591 | _aLecturer: Fr. CARMODY, B.P. | ||
| 591 | _aNumber of Students: 45. | ||
| 909 | _aBook | ||
| 999 |
_c8266 _d8266 |
||